<?xml version="1.0" encoding="UTF-8"?>
<collection xmlns:xsi="http://www.w3.org/2001/XMLSchema-instance" xsi:schemaLocation="http://www.loc.gov/MARC21/slim http://www.loc.gov/standards/marcxml/schema/MARC21slim.xsd" xmlns="http://www.loc.gov/MARC21/slim">
 <record>
  <leader>00000cam a22000007i 4500</leader>
  <controlfield tag="001">UP-8027390931316316981</controlfield>
  <controlfield tag="003">Buklod</controlfield>
  <controlfield tag="005">20230113113811.0</controlfield>
  <controlfield tag="006">a     r    |||| u|</controlfield>
  <controlfield tag="007">ta</controlfield>
  <controlfield tag="008">210525s2021    xx ac   rb   |001 0|eng d</controlfield>
  <datafield tag="020" ind1=" " ind2=" ">
   <subfield code="a">9784866581255</subfield>
  </datafield>
  <datafield tag="020" ind1=" " ind2=" ">
   <subfield code="a">4866581255</subfield>
  </datafield>
  <datafield tag="035" ind1=" " ind2=" ">
   <subfield code="a">(iLib)UPMIN-00028786026</subfield>
  </datafield>
  <datafield tag="040" ind1=" " ind2=" ">
   <subfield code="a">HUA</subfield>
   <subfield code="b">eng</subfield>
   <subfield code="c">HUA</subfield>
   <subfield code="e">rda</subfield>
   <subfield code="d">HUA</subfield>
   <subfield code="d">OCLCO</subfield>
   <subfield code="d">PSC</subfield>
   <subfield code="d">KMS</subfield>
   <subfield code="d">OWU</subfield>
   <subfield code="d">DLC</subfield>
  </datafield>
  <datafield tag="041" ind1="1" ind2=" ">
   <subfield code="a">eng</subfield>
   <subfield code="h">jpn</subfield>
  </datafield>
  <datafield tag="042" ind1=" " ind2=" ">
   <subfield code="a">lccopycat</subfield>
  </datafield>
  <datafield tag="050" ind1="0" ind2="0">
   <subfield code="a">DS889.16</subfield>
   <subfield code="b">F82813 2021</subfield>
  </datafield>
  <datafield tag="082" ind1="0" ind2="4">
   <subfield code="a">952.044</subfield>
   <subfield code="2">23</subfield>
  </datafield>
  <datafield tag="090" ind1=" " ind2=" ">
   <subfield code="a">DS889.16</subfield>
   <subfield code="b">F82813 2021</subfield>
  </datafield>
  <datafield tag="100" ind1="1" ind2=" ">
   <subfield code="a">Fukunaga, Fumio</subfield>
   <subfield code="d">1953-</subfield>
   <subfield code="e">author.</subfield>
  </datafield>
  <datafield tag="240" ind1="1" ind2="0">
   <subfield code="a">Nihon senryo?shi 1945-1952.</subfield>
   <subfield code="l">English</subfield>
  </datafield>
  <datafield tag="245" ind1="0" ind2="0">
   <subfield code="a">The occupation of Japan 1945-1952</subfield>
   <subfield code="b">Tokyo, Washington, and Okinawa</subfield>
   <subfield code="c">Fukunaga Fumio ; translated by the Japanese Institute of International Affairs (JIIA).</subfield>
  </datafield>
  <datafield tag="250" ind1=" " ind2=" ">
   <subfield code="a">First English edition.</subfield>
  </datafield>
  <datafield tag="300" ind1=" " ind2=" ">
   <subfield code="a">419 pages</subfield>
   <subfield code="b">illustrations, portraits</subfield>
   <subfield code="c">22 cm</subfield>
  </datafield>
  <datafield tag="500" ind1=" " ind2=" ">
   <subfield code="a">&quot;Originally published in Japanese under the title Nihon senryo?shi 1945-1952 : To?kyo?, Washington, Okinawa by Chu?o? Ko?ron Shinsha, Inc., in 2014&quot;--Title page verso.</subfield>
  </datafield>
  <datafield tag="504" ind1=" " ind2=" ">
   <subfield code="a">Includes bibliographical references (pages 391-396) and index.</subfield>
  </datafield>
  <datafield tag="505" ind1="0" ind2=" ">
   <subfield code="a">Introduction: The occupiers and the occupied : Tokyo, Washington, and Okinawa -- Defeat and occupation : toward demilitarization and democratization -- Reform under the occupation and fresh start for political parties -- Trajectory of the middle-of-the-road government : turning point in reforms -- Changing course in occupation policies : from democratization to economic revival -- The San Francisco Peace Treaty : end of the occupation -- The occupation and post-war Japan.</subfield>
  </datafield>
  <datafield tag="520" ind1=" " ind2=" ">
   <subfield code="a">Following its defeat in World War II, Japan was placed under the control of SCAP GHQ headed by General Douglas MacArthur. Initially, the Occupation promoted policies of demilitarization and democratization. A new Japanese constitution which pursued pacifism was established. However, as the Cold War intensified, policies switched in the direction of economic recovery, and it was contended that Japan should take the anti-Communist pro-America path. In 1951, at the height of the Korean War, the San Francisco Peace Treaty and the Japan-U.S. Security Treaty were concluded as a fixed set. Winner of the 2015 Yomiuri Yoshino Sakuzo Prize for academic writing on politics, economics, and history, this book provides a wide view of the seven years of the Occupation of Japan which led to the 'postwar system' that has continued into the twenty-first century.</subfield>
  </datafield>
  <datafield tag="651" ind1=" " ind2="0">
   <subfield code="a">Japan</subfield>
   <subfield code="x">History</subfield>
   <subfield code="y">Allied occupation, 1945-1952.</subfield>
  </datafield>
  <datafield tag="651" ind1=" " ind2="0">
   <subfield code="a">Japan</subfield>
   <subfield code="x">Politics and government</subfield>
   <subfield code="y">1945-1989.</subfield>
  </datafield>
  <datafield tag="651" ind1=" " ind2="0">
   <subfield code="a">Japan</subfield>
   <subfield code="x">Foreign relations</subfield>
   <subfield code="z">United States.</subfield>
  </datafield>
  <datafield tag="651" ind1=" " ind2="0">
   <subfield code="a">Unitedd States</subfield>
   <subfield code="x">Foreign relations</subfield>
   <subfield code="z">Japan.</subfield>
  </datafield>
  <datafield tag="710" ind1="0" ind2=" ">
   <subfield code="a">Nihon Kokusai Mondai Kenkyu?jo</subfield>
   <subfield code="e">translator.</subfield>
  </datafield>
  <datafield tag="710" ind1="0" ind2=" ">
   <subfield code="a">Shuppan Bunka Sangyo? Shinko? Zaidan</subfield>
   <subfield code="e">publisher.</subfield>
  </datafield>
  <datafield tag="905" ind1=" " ind2=" ">
   <subfield code="a">FO</subfield>
  </datafield>
  <datafield tag="852" ind1="0" ind2=" ">
   <subfield code="a">UPMIN</subfield>
   <subfield code="b">UPMIN-MAIN</subfield>
   <subfield code="h">DS889.16</subfield>
   <subfield code="i">.F82813 2021</subfield>
  </datafield>
  <datafield tag="942" ind1=" " ind2=" ">
   <subfield code="a">Book</subfield>
  </datafield>
 </record>
</collection>
